000 00596nam a22001817a 4500
005 20251108172305.0
008 250721s1987 xx 000 0 ara d
082 1 4 _a614.88/علي
100 1 _aالحسن، علي
245 1 0 _aأطفالنا :
_bالحالات الطارئة و الإسعافات الأولية , الأمراض و العلاج /
264 1 _aبيروت :
_bدار العلم للملايين،
_c1987.
300 _a229ص
650 1 7 _aالإسعافات الأولية
650 1 7 _aالأطفال
650 1 7 _aالأمراض
942 _2ddc
_cBK
999 _c75284
_d75284